=LDR 00000nam 2200000 4500 =001 INLIS000000000028504 =005 20130612130814 =008 ***********************************Ind** =035 ##$$0010-061300000028504 =041 ##$$a Ind =082 ##$$a 658.8 =090 ##$$a 658.8, Nit m =100 ##$$a Nitisemito, Alex S =245 ##$$a Marketing, Alex S. Nitisemito =260 ##$$a 1981 $b Jakarta =300 ##$$a 238 hlm, ilus, 22 cm =650 ##$$a Pemasaran =850 ##$$a NBPNMAT =990 ##$$a 0001/BPAP-NTB/2016